000 00271nam a22001097a 4500
008 131217t xxu||||| |||| 00| 0 eng d
020 _a0-00-649962-7
100 _aAgatha Christie
_9420
245 _aMiss Marple
_bThe complete short stories
300 _a340
942 _2ddc
_cBK
999 _c16692
_d16692